00613cam a22001932 4500001001100000005001700011008004100028020001500069040001500084100003400099245010400133260004400237300002900281650003000310650003900340700003400379852000300413852000300416000002529220151217154517.0150605s xxa 000 0 eng d c1451130607 aKABUcKABU1 aHinkle, Junice L.@000018585110aBrunner & Suddarth's Textbook of medical-Surgical Nursing. /cby Janice L. Hinkle, Kerry H.Cheever. aPhiladelphia. :bWolters Kluwer,c2014. a1 vol. (various paging). 0aNursing care.@0000179336 0aPerioperative nursing.@00001858521 aCheever, Kerry H.@00001858531 1